Géologie marine sur une carte du Monde - Statistiques

Statistiques générales
  • Ce quiz a été pris 669 fois
  • Le résultat moyen est 3 sur 20
Réponses sur la Carte
Les réponses sont colorées sur une échelle allant du rouge au vert en fonction du pourcentage des utilisateurs qui les ont devinées à leur premier essai. Vous pouvez retrouver ces pourcentages ci-dessous.
 
Statistiques - réponses
Réponse % Correct
Dorsale médio-atlantique
74%
Fosse des Mariannes
72%
Fosse du Japon
31%
Fosse des Philippines
23%
Fosse du Pérou-Chili
18%
Dorsale de Nazca
13%
Dorsale du Chili
13%
Fosse des Aléoutiennes
13%
Fosse de la Sonde
12%
Fosse des Kouriles
12%
Dorsale Pacifique-Antarctique
11%
Fosse des Tonga
10%
Dorsale est-Pacifique
9%
Fosse de Porto Rico
8%
Fosse mésoaméricaine
8%
Dorsale sud-est indienne
5%
Dorsale sud-ouest indienne
5%
Dorsale centrale indienne
4%
Fosse des Sandwich du Sud
4%
Fosse des Kermadec
3%
Aucun quiz correspondant
Distribution des résultats
% des personnes avec chaque résultat
Percentile par nombre de réponses
Votre historique - résultats
Vous n’avez pas pris ce quiz